Basic writings of Nietzsche (Record no. 7021)

000 -LEADER
fixed length control field 00598 a2200193 4500
020 ## - INTERNATIONAL STANDARD BOOK NUMBER
International Standard Book Number 0679783393
040 ## - CATALOGING SOURCE
Original cataloging agency DLC
Language of cataloging DLC
082 00 - DEWEY DECIMAL CLASSIFICATION NUMBER
Classification number 193
100 1# - MAIN ENTRY--PERSONAL NAME
Personal name Nietzsche, Friedrich Wilhelm,
245 10 - TITLE STATEMENT
Title Basic writings of Nietzsche
Statement of responsibility, etc. Peter Gay, Walter Kaufmann.
250 ## - EDITION STATEMENT
Edition statement Modern Library ed.
260 ## - PUBLICATION, DISTRIBUTION, ETC.
Place of publication, distribution, etc. New York :
Name of publisher, distributor, etc. Modern Library,
Date of publication, distribution, etc. 2000.
300 ## - PHYSICAL DESCRIPTION
Extent xxiv, 862 p. ;
Dimensions 21 cm.
500 ## - GENERAL NOTE
General note Originally published: New York : Modern Library, 1968. With new commentary.
500 ## - GENERAL NOTE
General note Includes indexes.
650 #0 - SUBJECT ADDED ENTRY--TOPICAL TERM
Topical term or geographic name entry element Philosophy.
700 1# - ADDED ENTRY--PERSONAL NAME
Personal name Kaufmann, Walter Arnold.
942 ## - ADDED ENTRY ELEMENTS (KOHA)
Koha item type Book
Call number prefix 193 NIE
Source of classification or shelving scheme
Holdings
Withdrawn status Lost status Damaged status Not for loan Collection code Permanent Location Current Location Shelving location Date acquired Source of acquisition Cost, normal purchase price Total Checkouts Total Renewals Full call number Barcode Checked out Date last seen Date last checked out Price effective from Koha item type
          Central Library (CL) Central Library (CL) General Stacks 10/30/2006 Progressive International Agencies 1029.68 9 2 193 NIE SEECS007659 01/14/2026 12/15/2025 12/15/2025 01/05/2017 Book
© 2023 Central Library, National University of Sciences and Technology. All Rights Reserved.